[Event "GER-chT2 LF-22 B3 email"]
[Site "GER email"]
[Date "2007.??.??"]
[Round "?"]
[White "Prochnow, Mario"]
[Black "Kuzaj, Helmut"]
[Result "1/2-1/2"]
[WhiteElo "2104"]
[BlackElo "2208"]
[PlyCount "65"]
[EventDate "2007.??.??"]
[EventType "team (corr)"]
[EventRounds "9"]
[EventCountry "GER"]
[SourceTitle "Corr 2008"]
[Source "ChessBase"]
[SourceDate "2008.06.24"]
[SourceVersion "1"]
[SourceVersionDate "2008.06.24"]
[SourceQuality "1"]

1. d4 Nf6 2. c4 e6 3. Nc3 Bb4 4. Qc2 d5 5. cxd5 Qxd5 6. e3 c5 7. Bd2 Bxc3 8. Bxc3 cxd4 9. Bxd4 Nc6 10. Bc3 0-0 11. Nf3 e5 12. Be2 Bg4 13. 0-0 Rfe8 14. Rfd1 Qc5 15. Rac1 e4 16. Bxf6 Qxc2 17. Rxc2 gxf6 18. Nd4 Nxd4 19. Rxd4 Bxe2 20. Rxe2 f5 21. Red2 Rac8 22. h3 Re6 23. Rd7 Rb6 24. R2d5 Rc1+ 25. Kh2 Rf6 26. Rd2 Rb6 27. Kg3 Rg1 28. Rc7 a6 29. a4 Kg7 30. Kh2 Ra1 31. b3 Ra3 32. Rdd7 Rf6 33. Rxb7 1/2-1/2

[Event "Pula op 19th"]
[Site "Pula"]
[Date "2005.06.22"]
[Round "5"]
[White "Prochnow, Mario"]
[Black "Saric, Ante"]
[Result "0-1"]
[WhiteElo "2250"]
[BlackElo "2472"]
[PlyCount "60"]
[EventDate "2005.06.19"]
[EventType "swiss"]
[EventRounds "9"]
[EventCountry "CRO"]
[SourceTitle "CBM 106 Extra"]
[Source "ChessBase"]
[SourceDate "2005.07.01"]
[SourceVersion "1"]
[SourceVersionDate "2005.07.01"]
[SourceQuality "1"]

1. d4 Nf6 2. c4 e6 3. Nf3 d5 4. g3 dxc4 5. Qa4+ Nbd7 6. Bg2 a6 7. Qxc4 b5 8. Qd3 Bb7 9. 0-0 c5 10. Nc3 cxd4 11. Qxd4 Bc5 12. Qh4 0-0 13. Bf4 Be7 14. Qh3 b4 15. Na4 Nd5 16. Ne5 Nxf4 17. gxf4 Bxg2 18. Qxg2 Nxe5 19. fxe5 Qa5 20. b3 Qxe5 21. e3 Rab8 22. Rac1 Qh5 23. Rc6 Qe2 24. Nb6 Rfd8 25. Nc4 Qxa2 26. Rc7 Bf6 27. Qc6 Qxb3 28. Qxa6 Qd3 29. Qa7 b3 30. Na5 b2 0-1

[Event "Oberliga Wuerttemberg 0304"]
[Site "Wuerttemberg"]
[Date "2003.09.28"]
[Round "1.2"]
[White "Prochnow, Mario"]
[Black "Gheng, Josef"]
[Result "0-1"]
[WhiteElo "2240"]
[BlackElo "2367"]
[PlyCount "62"]
[EventDate "2003.09.28"]
[EventType "team"]
[EventRounds "9"]
[EventCountry "GER"]
[SourceTitle "EXT 2006"]
[Source "ChessBase"]
[SourceDate "2005.11.24"]
[SourceVersion "1"]
[SourceVersionDate "2005.11.24"]
[SourceQuality "1"]
[WhiteTeam "Pfullingen"]
[BlackTeam "Ditzingen"]
[WhiteTeamCountry "GER"]
[BlackTeamCountry "GER"]

1. d4 Nf6 2. c4 g6 3. Nc3 d5 4. cxd5 Nxd5 5. e4 Nb6 6. h3 Bg7 7. Nf3 0-0 8. Be2 c6 9. 0-0 h6 10. Bf4 N8d7 11. Qd2 Kh7 12. Rfd1 Nf6 13. Rac1 Ng8 14. b3 f5 15. exf5 Bxf5 16. Nh4 e6 17. Nf3 Nd5 18. Be5 Ngf6 19. Bxf6 Qxf6 20. Ne5 Rad8 21. Bf3 h5 22. g4 Bh6 23. Qe1 Nf4 24. gxf5 gxf5 25. Ne2 Rg8+ 26. Kh2 Qh4 27. Qf1 Rg7 28. Ng3 Rdg8 29. Rc2 Rxg3 30. fxg3 Rxg3 31. Rg2 Rxh3+ 0-1

[Event "Oberliga Wuerttemberg 0203"]
[Site "Wuerttemberg"]
[Date "2003.01.26"]
[Round "5"]
[White "Pieper, Thomas"]
[Black "Prochnow, Mario"]
[Result "1-0"]
[WhiteElo "2210"]
[BlackElo "2171"]
[PlyCount "35"]
[EventDate "2002.10.13"]
[EventType "team-tourn"]
[EventRounds "9"]
[EventCountry "GER"]
[SourceTitle "EXT 2019"]
[Source "ChessBase"]
[SourceDate "2018.10.10"]
[SourceVersion "1"]
[SourceVersionDate "2018.10.10"]
[SourceQuality "1"]
[WhiteTeam "Ulm Post"]
[BlackTeam "Pfullingen"]
[WhiteTeamCountry "GER"]
[BlackTeamCountry "GER"]

1. e4 c5 2. Nf3 e6 3. d4 cxd4 4. Nxd4 a6 5. Nc3 b5 6. Bd3 d6 7. 0-0 Nf6 8. Qe2 Bb7 9. a4 b4 10. Na2 e5 11. Nf5 Nc6 12. c3 d5 13. Bg5 h6 14. Bxf6 gxf6 15. exd5 Qxd5 16. Ne3 Qa5 17. Qf3 0-0-0 18. Be4 1-0

[Event "Oberliga Wuerttemberg 0203"]
[Site "Wuerttemberg"]
[Date "2002.12.01"]
[Round "3"]
[White "Ahner, Thomas"]
[Black "Prochnow, Mario"]
[Result "0-1"]
[WhiteElo "1956"]
[BlackElo "2171"]
[PlyCount "78"]
[EventDate "2002.10.13"]
[EventType "team-tourn"]
[EventRounds "9"]
[EventCountry "GER"]
[SourceTitle "EXT 2019"]
[Source "ChessBase"]
[SourceDate "2018.10.10"]
[SourceVersion "1"]
[SourceVersionDate "2018.10.10"]
[SourceQuality "1"]
[WhiteTeam "Lindenberg"]
[BlackTeam "Pfullingen"]
[WhiteTeamCountry "GER"]
[BlackTeamCountry "GER"]

1. e4 c5 2. Nf3 e6 3. d3 g6 4. g3 Bg7 5. Bg2 Nc6 6. 0-0 Nge7 7. c3 d5 8. Nbd2 b6 9. Qa4 0-0 10. Re1 Qc7 11. Nf1 d4 12. c4 a6 13. Bd2 Bd7 14. Qa3 e5 15. b4 cxb4 16. Bxb4 Nxb4 17. Qxb4 Nc6 18. Qb2 Rfb8 19. a4 Bf8 20. Rec1 Nb4 21. Qe2 Rc8 22. N1d2 f6 23. Nb3 Qd8 24. a5 b5 25. c5 Be6 26. Nfd2 Ra7 27. Bf1 Rac7 28. f4 Bxc5 29. f5 Bf7 30. fxg6 hxg6 31. Bh3 Bf8 32. Bxc8 Rxc8 33. Rxc8 Qxc8 34. Rc1 Qd8 35. Qf3 Bh6 36. Rf1 Kg7 37. Rc1 Bxb3 38. Nxb3 Bxc1 39. Nxc1 Qxa5 0-1

[Event "Oberliga Wuerttemberg 0203"]
[Site "Wuerttemberg"]
[Date "2002.11.10"]
[Round "2"]
[White "Heinl, Thomas"]
[Black "Prochnow, Mario"]
[Result "1/2-1/2"]
[WhiteElo "2230"]
[BlackElo "2171"]
[PlyCount "54"]
[EventDate "2002.10.13"]
[EventType "team-tourn"]
[EventRounds "9"]
[EventCountry "GER"]
[SourceTitle "EXT 2019"]
[Source "ChessBase"]
[SourceDate "2018.10.10"]
[SourceVersion "1"]
[SourceVersionDate "2018.10.10"]
[SourceQuality "1"]
[WhiteTeam "Boeblingen"]
[BlackTeam "Pfullingen"]
[WhiteTeamCountry "GER"]
[BlackTeamCountry "GER"]

1. e4 c5 2. Nf3 e6 3. d4 cxd4 4. Nxd4 a6 5. Nc3 b5 6. Bd3 d6 7. 0-0 Nf6 8. Be3 Bb7 9. f3 Nbd7 10. a4 b4 11. Na2 d5 12. c3 dxe4 13. Bxe4 Nxe4 14. fxe4 Bxe4 15. cxb4 Ne5 16. Qh5 Ng6 17. Nc3 Bb7 18. b5 Bb4 19. bxa6 Bxa6 20. Ncb5 Bb7 21. Nc7+ Qxc7 22. Qb5+ Qd7 23. Qxb4 Ne7 24. Nb5 0-0 25. Qd6 Qxd6 26. Nxd6 Bc6 27. a5 Rfb8 1/2-1/2

[Event "Oberliga Ost-A 9900"]
[Site "Germany"]
[Date "2000.01.29"]
[Round "6.5"]
[White "Merker, Matthias"]
[Black "Prochnow, Mario"]
[Result "0-1"]
[WhiteElo "2133"]
[BlackElo "2222"]
[PlyCount "66"]
[EventDate "1999.10.??"]
[EventType "team-tourn"]
[EventRounds "11"]
[EventCountry "GER"]
[SourceTitle "EXT 2002"]
[Source "ChessBase"]
[SourceDate "2001.11.25"]
[SourceVersion "1"]
[SourceVersionDate "2001.11.25"]
[SourceQuality "1"]

1. d4 Nf6 2. c4 g6 3. Nc3 Bg7 4. e4 d6 5. f4 0-0 6. Nf3 Na6 7. Bd3 Bg4 8. 0-0 e5 9. fxe5 dxe5 10. d5 c6 11. Kh1 Nh5 12. Be3 f5 13. Qb3 Nf4 14. Bc2 cxd5 15. cxd5 Qd7 16. Ng5 Bf6 17. Ne6 Rfc8 18. Rae1 Kh8 19. Nxf4 exf4 20. Bxf4 Nc5 21. Qa3 Nxe4 22. Nxe4 fxe4 23. Bxe4 Rc4 24. Be5 Bxe5 25. Rf8+ Kg7 26. Rxa8 Bd6 27. Qd3 b5 28. h3 Qe7 29. Kg1 Bf5 30. Rd8 Bc5+ 31. Kh1 Bxe4 32. Rxe4 Rxe4 33. Qc3+ Bd4 0-1

[Event "Vienna op 13th"]
[Site "Vienna"]
[Date "1998.??.??"]
[Round "?"]
[White "Alienkin, Aleksander"]
[Black "Prochnow, Mario"]
[Result "1/2-1/2"]
[WhiteElo "2415"]
[BlackElo "2225"]
[PlyCount "37"]
[EventDate "1998.10.25"]
[EventType "swiss"]
[EventRounds "9"]
[EventCountry "AUT"]
[SourceTitle "EXT 2000"]
[Source "ChessBase"]
[SourceDate "1999.11.16"]
[SourceVersion "1"]
[SourceVersionDate "1999.11.16"]
[SourceQuality "1"]

1. d4 Nf6 2. Nf3 g6 3. Nbd2 c5 4. dxc5 Qa5 5. a3 Qxc5 6. b4 Qb6 7. Bb2 Bg7 8. e3 0-0 9. Be2 d6 10. 0-0 Nc6 11. Nd4 Bd7 12. c4 Rfc8 13. N4b3 Bf5 14. Bc3 Qc7 15. Rc1 Ne5 16. Bxe5 dxe5 17. c5 Rd8 18. Qe1 Bd3 19. Nc4 1/2-1/2

[Event "BL2-Ost 9798"]
[Site "Germany"]
[Date "1998.??.??"]
[Round "9.5"]
[White "Prochnow, Mario"]
[Black "Kuraszkiewicz, Michael"]
[Result "0-1"]
[WhiteElo "2260"]
[BlackElo "2310"]
[PlyCount "56"]
[EventDate "1997.10.??"]
[EventType "team-tourn"]
[EventRounds "9"]
[EventCountry "GER"]
[SourceTitle "EXT 1999"]
[Source "ChessBase"]
[SourceDate "1998.11.16"]
[SourceVersion "1"]
[SourceVersionDate "1998.11.16"]
[SourceQuality "1"]
[WhiteTeam "Dresden II"]
[BlackTeam "Hof"]
[WhiteTeamCountry "GER"]
[BlackTeamCountry "GER"]

1. d4 Nf6 2. c4 g6 3. Nc3 d5 4. Bf4 Bg7 5. Nf3 c5 6. dxc5 Qa5 7. cxd5 Nxd5 8. Qxd5 Bxc3+ 9. Bd2 Be6 10. Qg5 Bxd2+ 11. Qxd2 Qxc5 12. e4 Nc6 13. Rc1 Qb6 14. Bc4 Bxc4 15. Rxc4 Rd8 16. Qc3 0-0 17. 0-0 Rd7 18. Ng5 Rfd8 19. Qh3 h5 20. b3 Rd3 21. Qh4 Ne5 22. Rc2 Qd6 23. f4 Ng4 24. Re2 Rd1 25. Rxd1 Qc5+ 26. Kf1 Rxd1+ 27. Re1 Ne3+ 28. Ke2 Nxg2 0-1

[Event "Oberliga Ost A 9697"]
[Site "Germany"]
[Date "1997.02.02"]
[Round "5.6"]
[White "Prochnow, Mario"]
[Black "Schikor, Torsten"]
[Result "1-0"]
[WhiteElo "2250"]
[BlackElo "2130"]
[PlyCount "67"]
[EventDate "1996.10.13"]
[EventType "team-tourn"]
[EventRounds "9"]
[EventCountry "GER"]
[SourceTitle "EXT 2011"]
[Source "ChessBase"]
[SourceDate "2010.11.26"]
[SourceVersion "1"]
[SourceVersionDate "2010.11.26"]
[SourceQuality "1"]
[WhiteTeam "Dresden SC"]
[BlackTeam "Leipzig Gohlis II"]
[WhiteTeamCountry "GER"]
[BlackTeamCountry "GER"]

1. d4 Nf6 2. c4 e6 3. Nf3 Bb4+ 4. Nbd2 d5 5. Qa4+ Nc6 6. a3 Bxd2+ 7. Bxd2 Bd7 8. Qc2 Ne4 9. Bf4 0-0 10. e3 h6 11. Bd3 Nf6 12. h3 Ne7 13. Rc1 Rc8 14. b4 dxc4 15. Bxc4 Bc6 16. Be2 Be4 17. Qb2 Nfd5 18. Bh2 Ng6 19. 0-0 f5 20. Nd2 Nf6 21. Nxe4 Nxe4 22. Bf3 Nh4 23. Bxe4 fxe4 24. Qb1 Qg5 25. Qxe4 Nf3+ 26. Kh1 Nd2 27. Qxe6+ Kh7 28. Bf4 Qh4 29. Bg3 Qh5 30. Rfe1 Rce8 31. Qg4 Qxg4 32. hxg4 c6 33. f3 b5 34. Rxc6 1-0

[Event "Budapest Spring op 09th"]
[Site "Budapest"]
[Date "1993.??.??"]
[Round "5"]
[White "Prochnow, Mario"]
[Black "Vajda, Albert"]
[Result "0-1"]
[WhiteElo "2335"]
[BlackElo "2180"]
[PlyCount "60"]
[EventDate "1993.03.??"]
[EventType "swiss"]
[EventRounds "9"]
[EventCountry "HUN"]
[SourceTitle "EXT 1998"]
[Source "ChessBase"]
[SourceDate "1997.11.17"]
[SourceVersion "1"]
[SourceVersionDate "1997.11.17"]
[SourceQuality "1"]

1. d4 Nf6 2. c4 c5 3. d5 b5 4. Nd2 g6 5. e4 d6 6. Bd3 Bg7 7. Ne2 0-0 8. 0-0 Nbd7 9. f4 bxc4 10. Nxc4 Nb6 11. Ne3 Rb8 12. Nc3 e6 13. dxe6 fxe6 14. a4 d5 15. a5 Na8 16. e5 Ne8 17. Ng4 Nac7 18. Rf3 Ba6 19. Bb1 Nb5 20. Nxb5 Rxb5 21. Qe1 Nc7 22. Rh3 Rb7 23. Nh6+ Bxh6 24. Rxh6 Nb5 25. f5 exf5 26. h4 Nd4 27. Be3 Ne2+ 28. Kh1 Qe7 29. Ba2 Qxe5 30. Qf2 Rxb2 0-1

[Event "Budapest Spring op 09th"]
[Site "Budapest"]
[Date "1993.??.??"]
[Round "4"]
[White "Yeo, Michael J"]
[Black "Prochnow, Mario"]
[Result "1-0"]
[WhiteElo "2225"]
[BlackElo "2335"]
[PlyCount "47"]
[EventDate "1993.03.??"]
[EventType "swiss"]
[EventRounds "9"]
[EventCountry "HUN"]
[SourceTitle "EXT 1998"]
[Source "ChessBase"]
[SourceDate "1997.11.17"]
[SourceVersion "1"]
[SourceVersionDate "1997.11.17"]
[SourceQuality "1"]

1. e4 c5 2. Nf3 Nc6 3. d4 cxd4 4. Nxd4 Nf6 5. Nc3 e5 6. Ndb5 d6 7. Bg5 a6 8. Na3 b5 9. Bxf6 gxf6 10. Nd5 f5 11. Nxb5 axb5 12. Bxb5 Bb7 13. exf5 Ra5 14. Qd3 Bh6 15. Qc4 0-0 16. Bxc6 Ba6 17. Qg4+ Kh8 18. b4 Qc8 19. Ne7 Qc7 20. Qh4 Rg8 21. Qxh6 Qxe7 22. bxa5 Qc7 23. Qf6+ Rg7 24. 0-0-0 1-0